Solvability of nonlinear equations and boundary value problems /

Guardado en:
Autor Principal: Fucík, Svatopluk.
Formato: Libro
Idioma:English
Publicado: Dordrecht, Holland : D. Reidel, c1980.
Series:Mathematics and its applications (D. Reidel Publishing Company) ; v. 4.
Materias:
Etiquetas: Agregar Etiqueta
Sin Etiquetas, Sea el primero en etiquetar este registro!
LEADER 01036cam a2200253 a 4500
001 MAT.inmabb002843
008 800820s1980####ne#######b####001#0#eng##
005 20111213140947.0
245 1 0 |a Solvability of nonlinear equations and boundary value problems /  |c Svatopluk Fucík. 
260 |a Dordrecht, Holland :  |b D. Reidel,  |c c1980. 
300 |a 390 p. :  |b retr. ;  |c 23 cm. 
490 1 |a Mathematics and its applications ;  |v v. 4 
500 |a "Published ... in co-edition with Society of Czechoslovak Mathematicians and Physicists, Prague." 
504 |a Bibliografía: p. 358-381. 
510 4 |a MR,  |c 83c:47079 
020 |a 9027710775 
100 1 |a Fucík, Svatopluk. 
830 0 |a Mathematics and its applications (D. Reidel Publishing Company) ;  |v v. 4. 
650 0 |a Differential equations, nonlinear  |x Numerical solutions. 
650 0 |a Nonlinear boundary value problems  |x Numerical solutions. 
084 |a 47Jxx (34-02 35-02 58C40)  |2 msc2000 
010 |a  80023476  
040 |a DLC  |c DLC  |d DLC 
859 |h 47  |i F951  |p A-5395  |b BIB. MATEMATICA